Entrada en materia: 17 poetas jóvenes chilenos

Salvato in:
Dettagli Bibliografici
Autore principale: Gavilán Muñoz, Ismael (autor)
Natura: Libro
Lingua:spagnolo
Pubblicazione: Viña del Mar Ediciones Altazor 2014
Edizione:1a. ed
Serie:Palabra Plural
Soggetti:
Tags: Aggiungi Tag
Nessun Tag, puoi essere il primo ad aggiungerne!!

MARC

LEADER 00000cam a2200000 a 4500
001 UCC4654
003 CL-VaPUC
008 180817e20140000cl |||||||||||||||||spa|d
020 |a 9789569205385 
082 0 4 |a Ch861  |b GAV  |2 21 
100 |a Gavilán Muñoz, Ismael  |e autor  |9 771789 
245 1 0 |a Entrada en materia: 17 poetas jóvenes chilenos 
250 |a 1a. ed 
300 |a 181 p 
942 |c BK 
945 |d 20180817 12:57:00  |a dcastane 
260 |a Viña del Mar  |b Ediciones Altazor  |c 2014 
650 0 |a Poesías chilenas   |9 265280 
650 0 |a Literatura chilena   |9 308278 
650 0 |a Poetas chilenos  |9 326722 
583 |a last modification  |c 20180817 12:57:00  |k Rodrigo Vera 
490 0 |a Palabra Plural 
999 |c 372106  |d 372104 
952 |0 0  |1 0  |3 erb  |4 0  |6 CH_861_000000000000000_GAV_2014  |7 0  |8 A  |9 489371  |a BIBART  |b BIBART  |i 5487803  |l 2  |o Ch861 GAV 2014  |p 5487803  |r 2025-04-17  |s 2025-04-09  |w 2019-11-24  |y BK  |z Catalogado en:20180817  |k ART